| 000 | 00599nam a22002177a 4500 | ||
|---|---|---|---|
| 999 |
_c2819 _d2819 |
||
| 001 | 15768 | ||
| 003 | BD-DhUAP | ||
| 005 | 20200227160924.0 | ||
| 008 | 200227r20095008-gea|||| |||| 00| 0 eng d | ||
| 020 | _a9783037680346 | ||
| 040 |
_aBD-DhUAP _bEng _cBD-DhUAP _dBD-DhUAP |
||
| 082 |
_223 _a725.23 WOR |
||
| 245 |
_aWork! : _bbest of office design / |
||
| 250 | _a2nd ed. | ||
| 260 |
_aBerlin : _b Braun publishing Ag, _cc2009. |
||
| 300 |
_a254 pages : _billutrations ; _c18 cm. |
||
| 650 | _aOffice buildings. | ||
| 650 | _aOffice decoration. | ||
| 710 | _a Braun publishing Ag. | ||
| 942 |
_2ddc _cBK |
||